[Event "EU-chT Railways USIC"]
[Site "Korenov"]
[Date "2017.10.12"]
[Round "5.3"]
[White "Ilgner, Andreas"]
[Black "Sutrich, Johann"]
[Result "1-0"]
[WhiteElo "2127"]
[BlackElo "1885"]
[PlyCount "67"]
[EventDate "2017.10.10"]
[EventType "team-tourn"]
[EventRounds "5"]
[EventCountry "CZE"]
[SourceTitle "CBM 181 Extra"]
[Source "ChessBase"]
[SourceDate "2017.12.12"]
[SourceVersion "1"]
[SourceVersionDate "2017.12.12"]
[SourceQuality "1"]
[WhiteTeam "Germany"]
[BlackTeam "Austria"]
[WhiteTeamCountry "GER"]
[BlackTeamCountry "AUT"]

1. d4 d5 2. c4 Nf6 3. Nc3 e6 4. Nf3 Be7 5. Bf4 a6 6. e3 Nbd7 7. Bd3 c6 8. h3 h6 9. 0-0 0-0 10. a3 dxc4 11. Bxc4 Nb6 12. Bb3 Nbd5 13. Bh2 Bd6 14. Ne5 Qe7 15. Qd3 Bd7 16. Bc2 Rad8 17. Bg3 Rfe8 18. Bh4 Kf8 19. e4 Nf4 20. Qf3 g5 21. Bg3 Bxe5 22. dxe5 N6h5 23. Bh2 f5 24. g4 fxg4 25. hxg4 Kg7 26. gxh5 Rf8 27. Rfd1 Qe8 28. Rd6 Nxh5 29. Qg4 Qf7 30. Bg3 Nxg3 31. Qxg3 Qe7 32. Rad1 Bc8 33. Rxd8 Rxd8 34. Rxd8 1-0

[Event "Austrian Eisenbahner-ch"]
[Site "St Veit"]
[Date "2013.05.31"]
[Round "2.7"]
[White "Sutrich, Johann"]
[Black "Lenzhofer, Adam"]
[Result "0-1"]
[WhiteElo "1917"]
[BlackElo "1863"]
[PlyCount "98"]
[EventDate "2013.05.30"]
[EventType "swiss"]
[EventRounds "3"]
[EventCountry "AUT"]
[SourceTitle "EXT 2024"]
[Source "ChessBase"]
[SourceDate "2023.10.10"]
[SourceVersion "1"]
[SourceVersionDate "2023.10.10"]
[SourceQuality "1"]

1. d4 f5 2. g3 Nf6 3. Bg2 g6 4. Nf3 Bg7 5. c3 0-0 6. 0-0 c6 7. Nbd2 d6 8. Qc2 Qc7 9. Re1 e5 10. dxe5 dxe5 11. e3 e4 12. Nd4 Kh8 13. Qb3 Qe7 14. Qc2 c5 15. Ne2 Nc6 16. Nf4 g5 17. Ne2 g4 18. b3 Ne5 19. Ba3 b6 20. Nf4 Ba6 21. Bf1 Bxf1 22. Kxf1 Rad8 23. Re2 Rd7 24. Rb1 Rfd8 25. Kg2 Nf3 26. Nf1 Qf7 27. c4 Nh5 28. Nd5 Nf6 29. Nf4 Bh6 30. Bb2 Bg7 31. Bc3 Ng5 32. Qb2 Nh3 33. Rc1 Nxf4+ 34. exf4 Ne8 35. Ne3 Bd4 36. Nd5 Nf6 37. Ne3 Nh5 38. Nd5 Qg7 39. Rd2 Bxc3 40. Qxc3 Qxc3 41. Rxc3 Nf6 42. Rcc2 Nxd5 43. cxd5 Rxd5 44. Rxd5 Rxd5 45. b4 Kg7 46. bxc5 bxc5 47. h4 Kf6 48. Rb2 c4 49. Rb7 Rc5 0-1